| 000 | 02630cam a2200529 i 4500 | ||
|---|---|---|---|
| 001 | zz2003965036 | ||
| 003 | NUKAT | ||
| 005 | 20260408195657.0 | ||
| 008 | 030404s1922 pl |000 0 pol c | ||
| 035 | _a(OCoLC)1424143284 | ||
| 035 | _a(NUKAT)zz2003965036 | ||
| 040 |
_aKR 7/EG _cKR 7/EG _dKR 7/TS _dKR 7/CPs _dKR U/04KUL _dGD U/MJ _dKR 7/MN |
||
| 100 | 1 |
_aKumaniecki, Kazimierz Władysław _d(1880-1941). _98110 |
|
| 245 | 1 | 0 |
_aO naprawę Rzeczypospolitej / _cK. W. Kumaniecki, M. Zdziechowski, M. Rostworowski, S. Estreicher, J. M. Rozwadowski, K. Morawski, M. Siedlecki, J. Łoś, R. Dyboski, T. Brzeski, A. Krzyżanowski, W. L. Jaworski, F. Zoll. |
| 260 |
_aKraków : _bKrakowska Spółka Wydawnicza, _c1922. |
||
| 300 |
_a199 s. ; _c25 cm. |
||
| 336 |
_aTekst _btxt _2rdacontent |
||
| 337 |
_aBez urządzenia pośredniczącego _bn _2rdamedia |
||
| 338 |
_aWolumin _bnc _2rdacarrier |
||
| 380 | _aKsiążki | ||
| 500 | _aPierwsza księga: Życie moralne / K.W. Kumaniecki, M. Zdziechowski; druga księga: Ustrój państwowy / M. Rostworowski, S. Estreicher, K. W. Kumaniecki; trzecia księga: Nauka i szkoła / J. M. Rozwadowski, K. Morawski, M. Siedlecki, J. Łoś, R. Dyboski; czwarta księga: Zagadnienia gospodarcze / T. Brzeski, A. Krzyżanowski, W. L. Jaworski, F. Zoll. | ||
| 530 | _aDostępne również w formie elektronicznej. | ||
| 648 | 7 |
_a1901-2000 _2DBN _934996 |
|
| 648 | 7 |
_a1918-1939 _2DBN _936041 |
|
| 650 | 7 |
_aOświata _2DBN _939557 |
|
| 651 | 7 |
_aPolska _2DBN _935076 |
|
| 651 | 7 |
_aPolska _xpolityka i rządy _y1918-1939. _2kaba _94643 |
|
| 651 | 7 |
_aPolska _xsytuacja społeczna _y1918-1945. _2kaba _913549 |
|
| 658 | _aEdukacja i pedagogika | ||
| 700 | 1 |
_aRostworowski, Michał _d(1864-1940). _94228 |
|
| 700 | 1 |
_aRozwadowski, Jan Michał _d(1867-1935). _914673 |
|
| 700 | 1 |
_aSiedlecki, Michał _d(1873-1940). _939693 |
|
| 700 | 1 |
_aŁoś, Jan Nepomucen Bonifacy _d(1860-1928). _92030 |
|
| 700 | 1 |
_aDyboski, Roman _d(1883-1945). _939694 |
|
| 700 | 1 |
_aBrzeski, Tadeusz _d(1884-1958). _939695 |
|
| 700 | 1 |
_aKrzyżanowski, Adam _d(1873-1963). _913548 |
|
| 700 | 1 |
_aJaworski, Władysław Leopold _d(1865-1930). _913286 |
|
| 700 | 1 |
_aZoll, Fryderyk _d(1865-1948). _97652 |
|
| 700 | 1 |
_aEstreicher, Stanisław _d(1869-1939). _9564 |
|
| 700 | 1 |
_aZdziechowski, Marian _d(1861-1938). _939696 |
|
| 700 | 1 |
_aMorawski, Kazimierz _d(1852-1925). _97349 |
|
| 710 | 2 |
_aKrakowska Spółka Wydawnicza. _4pbl _91217 |
|
| 856 | 4 | 1 | _uhttps://pbc.gda.pl/dlibra/publication/23433/edition/88979 |
| 856 | 4 | 1 | _uhttps://bazybg.uek.krakow.pl/cyfrowa/kolekcje/publikacja/33025 |
| 930 | _aUwaga! RDA.1 - [KR U] | ||
| 942 |
_2ddc _cBK_NM |
||
| 999 |
_c27486 _d27486 |
||